Statistics for Biggest Lakes in the World

Click here to take the quiz!

General Stats

  • This quiz has been taken 70,413 times
    (60,660 since last reset)
  • The average score is 9 of 20

Answer Stats

AreaContinentLake% Correct
58,000North AmericaMichigan
88%
82,100North AmericaSuperior
86%
68,870AfricaVictoria
85%
25,700North AmericaErie
82%
59,600North AmericaHuron
75%
371,000Asia/EuropeCaspian Sea
74%
18,960North AmericaOntario
73%
31,500AsiaBaikal
67%
8,372South AmericaTiticaca
50%
29,500AfricaMalawi
39%
32,600AfricaTanganyika
36%
31,000North AmericaGreat Bear Lake
35%
27,000North AmericaGreat Slave Lake
34%
24,514North AmericaWinnipeg
23%
18,130EuropeLadoga
21%
8,264North AmericaNicaragua
15%
9,720EuropeOnega
15%
16,400AsiaBalkhash
13%
7,850North AmericaAthabasca
11%
12,500AntarcticaVostok
9%

Score Distribution

Percentile by Number Answered

Percent of People with Each Score

Your Score History

You have not taken this quiz since the last reset